Normal view
MARC view
Entry Personal Name
001 - CONTROL NUMBER
- control field: 29454
003 - CONTROL NUMBER IDENTIFIER
- control field: OSt
005 - DATE AND TIME OF LATEST TRANSACTION
- control field: 20241204082544.0
008 - FIXED-LENGTH DATA ELEMENTS
- fixed length control field: 241204|| aca||aabn | a|a d
040 ## - CATALOGING SOURCE
- Original cataloging agency: OSt
- Transcribing agency: OSt
100 ## - HEADING--PERSONAL NAME
- Personal name: Cawthon, Scott.
670 ## - SOURCE DATA FOUND
- Source citation: Work cat.: (OSt): Cawthon, Scott. , Five nights at Freddy's. faxbear frights 1 : into the pit / , 2019